000 01180nkm a2200277 i 4500
001 4387
003 ES-MaACL
005 20250713063030.0
007 khrbo
008 070711s1988 sp --- g |001||spa d
100 0 _aAlfonso,
_d1902-1990
_919858
245 1 0 _aPresentación del libro "Memorias de un hijo del siglo" de Juan Rodríguez Doreste [
_hFotografía] /
_cAlfonso (sello).
260 _a[S.l. :
_bs.n.],
_c1988.
300 _a2 fot. :
_bb. y n. ;
_c12 x 18 cm.
500 _aDatos basados en invitación.
511 0 _aInterviene: Juan Rodríguez Doreste.
518 _aActo organizado por el Ateneo de Madrid y la Caja Insular de Ahorros de Canarias, celebrado en la sala de conferencias el lunes, 27 de junio de 1988, a las 20:00 h.
600 1 4 _aRodríguez Doreste, Juan.
_998498
610 2 4 _aAteneo de Madrid-
_xActos culturales-
_y1988-
_vFotografías.
_91903
710 2 _aAteneo de Madrid.
_91875
710 2 _aCaja Insular de Ahorros de Canarias.
_92335
852 _aES-MaACL
_j201/1988
_cDEPOF
856 4 _uhttp://www.ateneodemadrid.net/biblioteca_digital/imagenes/1988/0201-1988.jpg
_yVer imagen
942 _2udc
999 _c4387
_d4387